Colónida / (Record no. 187167)
[ view plain ]
| 000 -LEADER | |
|---|---|
| campo de control de longitud fija | 00996nam a2200241 i 4500 |
| 001 - NÚMERO DE CONTROL | |
| campo de control | 187167 |
| 003 - IDENTIFICADOR DE NÚMERO DE CONTROL | |
| campo de control | SpMaBN |
| 005 - FECHA Y HORA DE LA ÚLTIMA TRANSACCIÓN | |
| campo de control | 20251001174717.0 |
| 008 - DATOS DE LONGITUD FIJA--INFORMACIÓN GENERAL | |
| campo de control de longitud fija | 170427r19811916pe ah |||| |dspa d |
| 245 00 - MENCIÓN DEL TÍTULO | |
| Título | Colónida / |
| Mención de responsabilidad, etc. | con prólogo de Luis Alberto Sánchez ; y una Carta de Alfredo González Prada acerca de Abraham Valdelomar y el movimiento colónida. |
| 250 ## - MENCION DE EDICION | |
| Mención de edición | Ed. facsimilar. |
| 260 ## - PUBLICACIÓN, DISTRIBUCIÓN, ETC. | |
| Lugar de publicación, distribución, etc. | Lima : |
| Nombre del editor, distribuidor, etc. | Copé, |
| Fecha de publicación, distribución, etc. | 1981. |
| 300 ## - DESCRIPCIÓN FÍSICA | |
| Extensión | 1 v. (237 p. : |
| Otras características físicas | il.) ; |
| Dimensiones | 23 cm. |
| 534 ## - NOTA SOBRE LA VERSIÓN ORIGINAL | |
| Frase introductoria | Reprod. facs. de. |
| Mención de título del original | Colónida : revista quincenal de literatura, arte, historia y ciencias sociales / director, Abraham Valdelomar, |
| Publicación, distribución, etc. del original | Lima, 1916, n. 1-4. |
| 600 17 - PUNTO DE ACCESO ADICIONAL DE MATERIA--NOMBRE DE PERSONA | |
| Nombre de persona | Valdelomar, Abraham, |
| Fechas asociadas al nombre | 1886-1919 |
| Fuente del encabezamiento o término | |
| 9 (RLIN) | 162474 |
| 655 #7 - TERMINO DE INDIZACIÓN--GENERO/FORMA | |
| Fuente del término | tgfbne |
| 9 (RLIN) | 226495 |
| Datos o término principal de género/forma | Facsímiles |
| 700 0# - ENTRADA AGREGADA--NOMBRE PERSONAL | |
| Nombre de persona | Sánchez, Luis Alberto, |
| Fechas asociadas al nombre | 1900-1994 |
| 9 (RLIN) | 102397 |
| 700 1# - ENTRADA AGREGADA--NOMBRE PERSONAL | |
| Nombre de persona | González Prada, Alfredo. |
| 9 (RLIN) | 162472 |
| 700 1# - ENTRADA AGREGADA--NOMBRE PERSONAL | |
| Nombre de persona | Valdelomar, Abraham, |
| Fechas asociadas al nombre | 1886-1919 |
| 9 (RLIN) | 162474 |
| 852 ## - LOCALIZACIÓN | |
| Ubicación | ES-MaACL |
| Número de control de estantería | L-31497 |
| 942 ## - ELEMENTOS DE ENTRADA SECUNDARIOS (KOHA) | |
| Fuente del sistema de clasificación o colocación | Clasificación decimal universal |
| Estatus retirado | Estado de pérdida | Estado de daño | No para préstamo | Biblioteca de origen | Biblioteca actual | Ubicación en estantería | Fecha de adquisición | Fuente de adquisición | Total de préstamos | Signatura topográfica completa | Código de barras | Visto por última vez | Precio de reemplazo | Tipo de ítem Koha |
|---|---|---|---|---|---|---|---|---|---|---|---|---|---|---|
| Biblioteca del Ateneo de Madrid | Biblioteca del Ateneo de Madrid | Depósito 2 | 27/04/2017 | L-31497 | 1197469 | 23/02/2023 | 23/02/2023 | Libro impreso |
